Formulas for stress and strain (Record no. 22180)

000 -LEADER
fixed length control field 00501nam a22001937a 4500
001 - CONTROL NUMBER
control field 22180
003 - CONTROL NUMBER IDENTIFIER
control field BD-DhUET
008 - FIXED-LENGTH DATA ELEMENTS--GENERAL INFORMATION
fixed length control field 150423b xxu||||| |||| 00| 0 eng d
040 ## - CATALOGING SOURCE
Transcribing agency DLC
Modifying agency BD-DhUET
082 ## - DEWEY DECIMAL CLASSIFICATION NUMBER
Classification number 624.11083
Item number ROA/1965
100 ## - MAIN ENTRY--PERSONAL NAME
Personal name Roark, Raymond J.
245 ## - TITLE STATEMENT
Title Formulas for stress and strain
250 ## - EDITION STATEMENT
Edition statement 4th ed.
260 ## - PUBLICATION, DISTRIBUTION, ETC. (IMPRINT)
Place of publication, distribution, etc. New York
Name of publisher, distributor, etc. McGraw-Hill
Date of publication, distribution, etc. 1965
300 ## - PHYSICAL DESCRIPTION
Extent xii, 432p.
504 ## - BIBLIOGRAPHY, ETC. NOTE
Bibliography, etc Includes bibliographies
650 #0 - SUBJECT ADDED ENTRY--TOPICAL TERM
Topical term or geographic name as entry element Strength of materials : Engineering
942 ## - ADDED ENTRY ELEMENTS (KOHA)
Koha item type General Book
Holdings
Location (home branch) Copy number Sublocation or collection (holding branch) Price effective from Piece designation (barcode) Not for loan Koha full call number Koha normalized classification for sorting Withdrawn status Source of classification or shelving scheme Shelving location Date acquired Koha date last seen Lost status Koha item type Damaged status
Central Library, BUET1Central Library, BUET2015-04-237506 624.176083/ROA/1965624_176083000000000_ROA_1965  Circulation section2015-04-232015-04-23 General Book 
Central Library, BUET2Central Library, BUET2015-04-2354973 624.176083/ROA/1965624_176083000000000_ROA_1965  Circulation section2015-04-232015-04-23 General Book